000 01171nam0a22003011 4500
001 rc\2337424
005 20260406152630.0
035 _a(NLR Aleph) 006585404
090 _a7089499
_c7089499
100 _a20110829d1977 |||y0rusy50 ca
101 0 _arus
_aest
102 _aRU
105 _aa z |||||
200 1 _aСтатистика и функциональные стили языка
_e[Сборник статей]
_fРедкол.: ... к. филол. н. Т.Я. Якубайтис (отв. ред.) [и др.]
_gАН ЛатвССР. Ин-т яз. и лит. им. А. Упита
210 _aРига
_cЗинатне
_d1977
215 _a107 с.
_cил.
_d20
300 _aТекст на рус. и эст. яз.
320 _aБиблиогр. в конце статей
702 1 _aЯкубайтис
_bТ.Я.
_4340
712 0 2 _aИнститут языка и литературы им. А.Упита
_cРига
_3RU\NLR\AUTH\889928073
_9351778
801 0 _aRU
_bNLR
_gpsbo
801 1 _aRU
_bELAR
_2rusmarc
852 _aNLR
_bОНЛ
899 _aRuMoRGB
_jЛат 66/161
899 _aRuMoRGB
_jЛат 66/162
942 _cBOOK
980 _aNB